| 000 | 00698nam a2200217 i 4500 | ||
|---|---|---|---|
| 001 | 127650 | ||
| 003 | ES-MaACL | ||
| 005 | 20260426162625.0 | ||
| 007 | t| | ||
| 008 | 070214s1947 ag r ||||1| spa d | ||
| 100 | 1 |
_aRilke, Rainer Maria, _d1875-1926 _997230 |
|
| 245 | 1 | 0 |
_aAgusto Rodin / _cRainer Maria Rilke ; prólogo y traducción de la versión francesa de Mauricio Betz por Roberto Ledesma. |
| 250 | _a2ª. ed. | ||
| 260 |
_aBuenos Aires : _bEl Ateneo, _c1947. |
||
| 300 |
_a191 p., 159 lám. ; _c21 cm. |
||
| 600 | 1 | 4 |
_aRodin, Auguste. _998144 |
| 700 | 1 |
_aBetz, Mauricio. _928696 |
|
| 700 | 1 |
_aLedesma, Roberto. _971148 |
|
| 852 |
_aES-MaACL _jB-7833 _bR.29313 |
||
| 999 |
_c127650 _d127650 |
||